LEADER 01377nam a2200277 i 4500 001 000000231487 003 CaOOAMICUS 005 20140730000000.0 008 140730s2013 it u000 u ita u 013 $a210390 040 $aSeMil$bita 100 1 $aGiraldo, Roberto .$0(OLS)http://semarc/name/42007 245 13$aIl primato dell'amore :$bscritti di ecclesiologia ecumenica /$cRoberto Giraldo. 260 $aVenezia :$bISE "San Bernardino",$c2013. 300 $a327 p. ;$c21 cm. 490 0 $aQuaderni di Studi Ecumenici ;$v28. 500 $aNumero dedicato a Roberto Giraldo in occasione del 70. compleanno. - Contiene : Bibliografia [di Roberto Giraldo]. - Supplemento al n. 4/2013 della rivista "Studi Ecumenici". 650 4$aEcclesiologia - Prospettive ecumeniche.$0(OLS)http://semarc/subject/40610 650 4$aEcumenismo - Ecclesiologia.$0(OLS)http://semarc/subject/36339 774 0 $tBibliografia [di Roberto Giraldo].$w()322807 830 0$aQuaderni di Studi Ecumenici ;$v28.$0(OLS)http://semarc/title/79 850 $aSeMil 852 $aSeMil$W1$xVenegono$y1$m107 1 128$j181833$B181833$CSeMilBibl$Z2$F192664 $85 961 $aCambio: Scuola Cattolica 996 $6245$aIl primato dell'amore :$bscritti di ecclesiologia ecumenica$9(OLS)http://semarc/title/330560 996 $6260$aVenezia :$bISE "San Bernardino"$9(OLS)http://semarc/publisher/48530 LEADER 01058nam a2200241 i 4500 001 000000060935 003 CaOOAMICUS 005 20140806000000.0 008 140806s1971 xx u000 u ger u 013 $a32107 020 $a3-7615-0084-X 040 $aSeMil$bita 245 10$aDiskussion um Kreuz und Auferstehung :$bzur gegenwärtigen Auseinandersetzung in Theologie und Gemeinde /$chrsg. von Bertold Klappert. 250 $a4. Aufl. 260 $aWuppertal :$bAussaat,$c1971. 300 $a319 p. ;$c23 cm. 650 4$aTeologia della croce.$0(OLS)http://semarc/subject/4792 700 1 $aKlappert, Bertold <1939- >.$0(OLS)http://semarc/name/30712 850 $aSeMil 852 $aSeMil$W1$xVenegono$y1$m2K V 106$j27088$B27088$CSeMilBibl$Z2$F27091 $81 996 $6020$a3-7615-0084-X$9(OLS)http://semarc/number/37122 996 $6245$aDiskussion um Kreuz und Auferstehung :$bzur gegenwärtigen Auseinandersetzung in Theologie und Gemeinde$9(OLS)http://semarc/title/95614 996 $6260$aWuppertal :$bAussaat$9(OLS)http://semarc/publisher/42171